000 01907nam0a2200373 4500
001 RU\NLR\bibl\1119540
005 20260408152411.0
010 _a978-5-8353-0564-3
_9300
021 _aRU
_b2007-46213
_92461
035 _a(NLR Aleph) 001106529
035 _a(nilc)RSL-KNO-003145006
090 _a1211327
_c1211327
100 _a20070712d2007 u y0rusy50 ca
101 0 _arus
102 _aRU
105 _ay zzzz|||||
200 1 _aАвторитет
_eучебное пособие
_fВ. В. Желтов
_gМ-во образования и науки Российской Федерации, ГОУ ВПО "Кемеровский гос. ун-т", Сибирская акад. политехнических наук
210 _aКемерово
_cКемеровский гос. ун-т
_d2007
215 _a107, [1] с.
_d20
320 _aБиблиогр. в подстроч. прим.
606 1 _aАвторитет политический
_jУчебные издания для высших учебных заведений
_9893578
_3RU\NLR\auth\663367
606 _aАвторитет (социол.)
_jУчебные издания для высших учебных заведений
_3RU\NLR\auth\663358
_9893564
610 0 _aСоциология -- Социальные институты -- Политические институты -- Государство, власть, политика -- Политическая или правящая элита -- Учебник для высшей школы
686 _aС555.511.3я73-1
_2rubbk
686 _aС550.373я73
686 _aФ3(0)15я73
700 1 _aЖелтов
_bВ. В.
_gВиктор Васильевич
_4070
801 0 _aRU
_bРКП
_c20070712
_grcr
801 1 _aRU
_bРГБ
_c20070712
801 2 _aRU
_bNLR
_c20070821
_grcr
830 _aавт. по кн.
942 _cBOOK
980 _aNB